[Event "Novokuznetsk op"]
[Site "Novokuznetsk"]
[Date "2011.08.14"]
[Round "4"]
[White "Ermakov, Jan"]
[Black "Maleev, Pavel"]
[Result "0-1"]
[WhiteElo "2147"]
[BlackElo "2250"]
[PlyCount "102"]
[EventDate "2011.08.11"]
[EventType "swiss"]
[EventRounds "9"]
[EventCountry "RUS"]
[SourceTitle "CBM 144 Extra"]
[Source "ChessBase"]
[SourceDate "2011.10.28"]
[SourceVersion "1"]
[SourceVersionDate "2011.10.28"]
[SourceQuality "1"]

1. e4 c5 2. Nf3 g6 3. c4 Bg7 4. d4 cxd4 5. Nxd4 Qb6 6. Nb3 Nc6 7. Be3 Qd8 8. Nc3 d6 9. c5 Nf6 10. cxd6 exd6 11. Qd2 Be6 12. Rd1 0-0 13. Qxd6 Qxd6 14. Rxd6 Nb4 15. Bc5 Nc2+ 16. Kd2 Bxb3 17. axb3 Rfc8 18. b4 b6 19. Kxc2 bxc5 20. b5 Ng4 21. f3 Nf2 22. Rg1 Be5 23. Rd2 Bxh2 24. Rxf2 Bxg1 25. Rd2 Rd8 26. Nd5 Kg7 27. Bc4 h5 28. Kb3 h4 29. Re2 Rd7 30. Ka4 Rh8 31. e5 Rhd8 32. Nc3 Rd4 33. b3 Rd2 34. Ka5 Bd4 35. Ne4 Rxe2 36. Bxe2 Bxe5 37. Ka6 Bd4 38. Bc4 Rd7 39. Ng5 Be3 40. Ne4 f5 41. Nc3 g5 42. Nd5 Bd4 43. b4 cxb4 44. Nxb4 g4 45. fxg4 fxg4 46. Be2 h3 47. gxh3 gxh3 48. Nc6 h2 49. Bf3 Bb6 50. Ne5 Rd1 51. Bxd1 h1Q 0-1

[Event "Kemerovo-ch"]
[Site "Kemerovo"]
[Date "2011.03.02"]
[Round "4"]
[White "Chigaev, Maksim"]
[Black "Ermakov, Jan"]
[Result "1-0"]
[WhiteElo "2283"]
[BlackElo "2133"]
[PlyCount "49"]
[EventDate "2011.02.20"]
[EventType "swiss"]
[EventRounds "9"]
[EventCountry "RUS"]
[SourceTitle "CBM 141 Extra"]
[Source "ChessBase"]
[SourceDate "2011.05.03"]
[SourceVersion "1"]
[SourceVersionDate "2011.05.03"]
[SourceQuality "1"]

1. e4 c6 2. Nf3 d5 3. exd5 cxd5 4. Ne5 Nc6 5. d4 Nxe5 6. dxe5 e6 7. Bd3 Qc7 8. 0-0 Qxe5 9. Bb5+ Bd7 10. Bxd7+ Kxd7 11. c4 Bd6 12. g3 dxc4 13. Nc3 Qf5 14. Bf4 e5 15. Nb5 Qe6 16. Nxd6 Qxd6 17. Qg4+ Qe6 18. Rad1+ Kc6 19. Qf3+ Kc7 20. Bxe5+ Qxe5 21. Qxf7+ Qe7 22. Qxc4+ Kb6 23. Rfe1 Qxe1+ 24. Rxe1 a5 25. Re6+ 1-0

[Event "Kuzbass-ch"]
[Site "Kemerovo"]
[Date "2010.10.23"]
[Round "1"]
[White "Ermakov, Jan"]
[Black "Ilenko, Aleksei"]
[Result "1/2-1/2"]
[WhiteElo "2183"]
[BlackElo "1967"]
[PlyCount "111"]
[EventDate "2010.10.23"]
[EventType "swiss"]
[EventRounds "9"]
[EventCountry "RUS"]
[SourceTitle "EXT 2011"]
[Source "ChessBase"]
[SourceDate "2010.11.26"]
[SourceVersion "1"]
[SourceVersionDate "2010.11.26"]
[SourceQuality "1"]

1. e4 c5 2. Nf3 Nc6 3. Bb5 g6 4. 0-0 Bg7 5. c3 e5 6. Re1 Nge7 7. d3 0-0 8. Be3 d6 9. Nbd2 a6 10. Ba4 b5 11. Bc2 h6 12. a4 b4 13. Nb3 f5 14. cxb4 Nxb4 15. Bd2 Nxc2 16. Qxc2 Be6 17. Na5 f4 18. Nc4 Nc6 19. Bc3 g5 20. Nfd2 g4 21. f3 Rf6 22. fxg4 Bxg4 23. Nf3 Rg6 24. Kh1 Kh7 25. Rg1 Qe7 26. Nb6 Rg8 27. Nd5 Qe6 28. b4 cxb4 29. Nxb4 Nxb4 30. Bxb4 d5 31. Rac1 d4 32. Qc4 Qf6 33. Qc2 Rc8 34. Qd2 Rxc1 35. Rxc1 Qb6 36. Ba5 Qb3 37. Qc2 Qxc2 38. Rxc2 Bd7 39. Rc7 Bxa4 40. Nxe5 Rg5 41. Nc4 f3 42. gxf3 Bd1 43. h4 Bxf3+ 44. Kh2 Rb5 45. e5 Kg8 46. e6 Be5+ 47. Nxe5 Rxe5 48. e7 Bh5 49. Bb4 a5 50. Bc5 Be8 51. Bxd4 Rd5 52. Rc4 Kf7 53. Bc5 Rxd3 54. Rf4+ Ke6 55. Rf8 Kd7 56. Rf2 1/2-1/2

[Event "Kemerovo op 08"]
[Site "Kemerovo"]
[Date "2010.08.25"]
[Round "7"]
[White "Grishenko, Vladimir"]
[Black "Ermakov, Jan"]
[Result "1/2-1/2"]
[WhiteElo "2223"]
[BlackElo "2193"]
[PlyCount "87"]
[EventDate "2010.08.21"]
[EventType "swiss"]
[EventRounds "9"]
[EventCountry "RUS"]
[SourceTitle "CBM 138 Extra"]
[Source "ChessBase"]
[SourceDate "2010.10.29"]
[SourceVersion "1"]
[SourceVersionDate "2010.10.29"]
[SourceQuality "1"]

1. Nf3 Nf6 2. c4 c5 3. Nc3 Nc6 4. g3 d6 5. Bg2 g6 6. d4 cxd4 7. Nxd4 Bd7 8. Nxc6 bxc6 9. b3 Bg7 10. Bb2 0-0 11. 0-0 Qa5 12. e4 Rab8 13. Qe2 Ng4 14. Rac1 Be6 15. h3 Ne5 16. Ba1 Nd7 17. f4 Nc5 18. Qc2 Qb6 19. Kh2 a5 20. Ne2 Bxa1 21. Rxa1 a4 22. f5 axb3 23. axb3 Bd7 24. Rab1 Na6 25. f6 exf6 26. Rxf6 Qc5 27. Qc3 Be6 28. Rff1 Qe5 29. Qc2 Nc5 30. Nf4 h5 31. b4 Nd7 32. Nxe6 fxe6 33. Rxf8+ Rxf8 34. Qb2 Qg5 35. Qc1 Qxc1 36. Rxc1 Rb8 37. Rd1 Kf7 38. Rxd6 Ke7 39. Rxc6 Rxb4 40. Rc8 Ne5 41. c5 Rc4 42. Rc7+ Kd8 43. Rg7 Rxc5 44. Kg1 1/2-1/2

[Event "Kemerovo op 08"]
[Site "Kemerovo"]
[Date "2010.08.23"]
[Round "4"]
[White "Zimin, Ivan"]
[Black "Ermakov, Jan"]
[Result "0-1"]
[WhiteElo "2086"]
[BlackElo "2193"]
[PlyCount "176"]
[EventDate "2010.08.21"]
[EventType "swiss"]
[EventRounds "9"]
[EventCountry "RUS"]
[SourceTitle "CBM 138 Extra"]
[Source "ChessBase"]
[SourceDate "2010.10.29"]
[SourceVersion "1"]
[SourceVersionDate "2010.10.29"]
[SourceQuality "1"]

1. d4 Nf6 2. e3 g6 3. c3 Bg7 4. g3 d6 5. Bg2 0-0 6. Qb3 Nbd7 7. Ne2 e5 8. Nd2 exd4 9. cxd4 c6 10. 0-0 Nb6 11. Qc2 d5 12. b3 Bf5 13. Qc3 Re8 14. Bb2 Rc8 15. Rac1 Qd7 16. Rfe1 Bh3 17. Qa5 Bxg2 18. Kxg2 Ra8 19. Qc3 Rad8 20. Nf4 h5 21. h4 Nc8 22. Ba3 Bh6 23. Nd3 Ng4 24. Nf3 Qf5 25. Nde5 Re6 26. Nxg4 hxg4 27. Nh2 Qe4+ 28. Kg1 g5 29. hxg5 Bxg5 30. Qc2 f5 31. Qxe4 Rxe4 32. Kg2 Rde8 33. Nf1 Kf7 34. Nd2 R4e6 35. Rh1 Kg6 36. Rh2 Nb6 37. Rch1 Rg8 38. Rh7 Rg7 39. Rh8 Nd7 40. Ra8 a6 41. Rhh8 c5 42. dxc5 d4 43. Nc4 dxe3 44. fxe3 Bxe3 45. Bb2 Nf6 46. b4 f4 47. gxf4 Bxf4 48. Raf8 Re2+ 49. Kf1 Re6 50. Bxf6 Rxf6 51. Rxf6+ Kxf6 52. Rf8+ Kg5 53. Nd6 Bxd6 54. cxd6 Rd7 55. Rg8+ Kf5 56. Rf8+ Ke5 57. Rg8 Rxd6 58. Rxg4 Rd4 59. Rg5+ Kf4 60. Rc5 Rxb4 61. a3 Rb3 62. a4 Rb4 63. a5 Rb5 64. Rc7 Ke5 65. Ke2 Kd6 66. Rh7 Kc5 67. Kd3 Kb4 68. Rg7 Kxa5 69. Kc4 Rb1 70. Rg2 b5+ 71. Kc3 Rc1+ 72. Kb3 Rc6 73. Rg8 Kb6 74. Rb8+ Ka7 75. Rh8 a5 76. Rh4 Re6 77. Rh7+ Kb6 78. Rh8 Re3+ 79. Kb2 a4 80. Rh6+ Ka5 81. Rh4 Re5 82. Rh8 b4 83. Ra8+ Kb5 84. Rb8+ Kc4 85. Rc8+ Rc5 86. Ra8 a3+ 87. Ka2 b3+ 88. Kxa3 Kc3 0-1

[Event "Kemerovo op"]
[Site "Kemerovo"]
[Date "2010.07.27"]
[Round "3"]
[White "Chigaev, Maksim"]
[Black "Ermakov, Jan"]
[Result "1-0"]
[WhiteElo "2104"]
[BlackElo "2193"]
[PlyCount "115"]
[EventDate "2010.07.26"]
[EventType "swiss"]
[EventRounds "9"]
[EventCountry "RUS"]
[SourceTitle "EXT 2011"]
[Source "ChessBase"]
[SourceDate "2010.11.26"]
[SourceVersion "1"]
[SourceVersionDate "2010.11.26"]
[SourceQuality "1"]

1. e4 c6 2. d4 d5 3. exd5 cxd5 4. c4 Nf6 5. Nc3 e6 6. Nf3 Be7 7. cxd5 Nxd5 8. Bd3 0-0 9. 0-0 Nc6 10. Re1 Nf6 11. a3 b6 12. Bc2 Ba6 13. Bg5 Rc8 14. Rc1 Qd6 15. Bb1 h6 16. Bxf6 Bxf6 17. Ne4 Qe7 18. d5 exd5 19. Qxd5 Qe6 20. Qxe6 fxe6 21. Ba2 Nd8 22. Rxc8 Bxc8 23. Nxf6+ gxf6 24. Nd4 Kg7 25. Rc1 Ba6 26. b4 Bd3 27. Rc7+ Kg6 28. Rxa7 e5 29. Nf3 Nc6 30. Rc7 Be4 31. Nd2 Rd8 32. Bf7+ Kf5 33. g4+ Kf4 34. Nxe4 Kf3 35. Nc3 Nd4 36. Bd5+ Kxg4 37. Rg7+ Kf4 38. Kg2 Rc8 39. Nd1 Rd8 40. h3 h5 41. Ne3 e4 42. Bf7 Rh8 43. a4 Nf3 44. Bd5 Rc8 45. Re7 f5 46. Nxf5 Kxf5 47. Bxe4+ Kf6 48. Rb7 Nd4 49. Rxb6+ Ke5 50. Bb7 Rg8+ 51. Kf1 Kf4 52. a5 Re8 53. a6 Nb3 54. a7 Nd2+ 55. Kg2 Rg8+ 56. Kh2 Nc4 57. Ra6 Ne5 58. a8Q 1-0

[Event "Kemerovo op"]
[Site "Kemerovo"]
[Date "2010.07.27"]
[Round "2"]
[White "Ermakov, Jan"]
[Black "Emeljashin, Yury"]
[Result "1-0"]
[WhiteElo "2193"]
[BlackElo "2091"]
[PlyCount "83"]
[EventDate "2010.07.26"]
[EventType "swiss"]
[EventRounds "9"]
[EventCountry "RUS"]
[SourceTitle "EXT 2011"]
[Source "ChessBase"]
[SourceDate "2010.11.26"]
[SourceVersion "1"]
[SourceVersionDate "2010.11.26"]
[SourceQuality "1"]

1. e4 e5 2. Nf3 d6 3. d4 Nf6 4. Nc3 Nbd7 5. Bc4 h6 6. 0-0 Be7 7. Re1 c6 8. a4 Qc7 9. h3 g5 10. Be3 Nf8 11. Qd2 Ng6 12. b4 g4 13. hxg4 Nxg4 14. dxe5 Nxe3 15. Rxe3 dxe5 16. b5 Bc5 17. Ree1 Nf4 18. Ne2 Nxe2+ 19. Bxe2 Qe7 20. bxc6 bxc6 21. Qc3 0-0 22. Reb1 Re8 23. Bc4 Bg4 24. Nh2 Bh5 25. Qh3 Qg5 26. Rb3 Qd2 27. Rg3+ Kf8 28. Rf1 Bg6 29. Rf3 Re7 30. Ng4 Bxe4 31. Rf6 Bg6 32. Rxc6 Bb6 33. Rxg6 fxg6 34. Qf3+ Qf4 35. Qxa8+ Re8 36. Qd5 Rd8 37. Qg8+ Ke7 38. Qe6+ Kf8 39. Nf6 Bxf2+ 40. Rxf2 Rd1+ 41. Bf1 Rxf1+ 42. Rxf1 1-0

[Event "Kemerovo op"]
[Site "Kemerovo"]
[Date "2010.07.26"]
[Round "1"]
[White "Trojan, Andrey"]
[Black "Ermakov, Jan"]
[Result "0-1"]
[WhiteElo "1850"]
[BlackElo "2193"]
[PlyCount "108"]
[EventDate "2010.07.26"]
[EventType "swiss"]
[EventRounds "9"]
[EventCountry "RUS"]
[SourceTitle "EXT 2011"]
[Source "ChessBase"]
[SourceDate "2010.11.26"]
[SourceVersion "1"]
[SourceVersionDate "2010.11.26"]
[SourceQuality "1"]

1. e4 c6 2. d4 d5 3. exd5 cxd5 4. c4 Nf6 5. Nc3 e6 6. Nf3 Be7 7. Be2 dxc4 8. Bxc4 0-0 9. 0-0 a6 10. Bg5 b5 11. Be2 Bb7 12. Ne5 b4 13. Na4 Nbd7 14. Nxd7 Nxd7 15. Bxe7 Qxe7 16. Bf3 Nf6 17. Bxb7 Qxb7 18. Qe2 Rfd8 19. Rfd1 a5 20. Rac1 Rac8 21. Rxc8 Qxc8 22. h3 Qc6 23. Nc5 Qd5 24. a3 bxa3 25. bxa3 e5 26. Qd3 Qc6 27. Qc3 Qb6 28. Rd2 exd4 29. Rxd4 Rc8 30. Rc4 Qc7 31. Rd4 h6 32. Qd3 Qxc5 33. Rd8+ Rxd8 34. Qxd8+ Kh7 35. Qd3+ g6 36. Qf3 Kg7 37. Kh2 a4 38. Qg3 Qd4 39. Qf3 h5 40. Kh1 Qc4 41. Qe3 Qb3 42. Qc5 Qd1+ 43. Kh2 Qd5 44. Qe3 g5 45. Kh1 Kg6 46. Kh2 Ne4 47. Kh1 h4 48. Kh2 Qe5+ 49. Kg1 Qf4 50. Qe1 f5 51. f3 Nf6 52. Qe7 g4 53. hxg4 fxg4 54. Qe2 Qc1+ 0-1